000 00923nas a2200277 4500
001 BR0905486
003 BR-BrBNA
005 20231205113706.0
007 ta
008 230509b bl.|||p| |||| 00| 00por d
040 _aBR-BrBNA
_bpor
_cBiblioteca Nacional de Agricultura
041 _a(Pt)
072 _aF01; F04
100 1 _aDetmann, E.
100 1 _aSilva, J.F.C. da
100 1 _aVásquez, H.M.
100 1 _aHenriques, L.T.
100 1 _aHaddade, I.R.
245 1 _aCinética da degradação ruminal dos carboidratos de quatro gramíneas tropicais em diferentes idades de corte e doses de adubação nitrogenada: técnica de produção de gases
650 _aGRAMÍNEA
650 _aPRODUÇÃO
650 _aGÁS
773 0 _tRevista Brasileira de Zootecnia (Brazil)
_xISSN 1516-3598
_g(Jan 2009), v. 38(1) p. 149-158
_wBR0905486
909 _a202311
_bLúcia
_c55
_dLúcia Elande
942 _2AGRIS
_n0
_cANA
999 _c205092
_d205092